000 00295nam a22001337a 4500
008 170623b xxu||||| |||| 00| 0 eng d
020 _a9780872893573
041 _aeng
080 _a32
100 _a21
101 _aSHP
245 _aCONGRESS AND ITS MEMBERS
_cDAVIDSON,R.H
942 _2udc
_cBK
999 _c19002
_d19002